Mon top JEUX VIDEO - Statistiques

Statistiques générales
  • Ce quiz a été pris 41 fois
  • Le résultat moyen est 2 sur 21
Statistiques - réponses
Hint Réponse % Correct
3 FIFA
83%
19 Rocket League
39%
4 Overwatch
19%
20 Among US
11%
21 Assassins Creed Origins
0%
15 Bakugan
0%
17 Brawlhalla
0%
11 Ghost of Tsushima
0%
1 Mario Galaxy
0%
9 Mario Galaxy 2
0%
7 Mario Kart DS
0%
10 Mario Striker
0%
2 Mario Sunshine
0%
5 Pokemon Diamant / Perle
0%
12 Spiderman Marvel
0%
14 Super Mario 64
0%
13 Super Mario Bros 2 DS
0%
8 Super Mario Odyssey
0%
16 Wario Land
0%
6 Wii Party
0%
18 Wii Sport Resort
0%
Aucun quiz correspondant
Distribution des résultats
% des personnes avec chaque résultat
Percentile par nombre de réponses
Votre historique - résultats
Vous n’avez pas pris ce quiz